000 00606ntaaa2200205 4500
003 01
005 20251027203057.0
008 0714s1973 ag 01
020 _a9505142781
040 _aAR-BaBN
_bspa
_cAR-BaBN
_eaacr
_dRIC
082 _a377.8000 C49i
100 _aCIPE. Centro de Investigación y Promoción de la Educación
_932068
245 _aLa iglesia y la educación hoy
250 _a1 ed.
260 _aBuenos Aires :
_bDon Bosco,
_c1996
300 _a191 p ;
_cmapas conceptuales, ils. ; 21,5 cm
650 _aEducacion Catolica
_932069
700 _aMilanesi, Susana
_932070
942 _cBK
999 _c26168
_d26168